Statistics for Most Recent Former Capitals Quiz

Click here to take the quiz!

General Stats

  • This quiz has been taken 26 times
    (9 since last reset)
  • The average score is 10 of 15

Answer Stats

YearOld CapitalNew Capital / Country% Correct
1996Dar es SalaamDodoma
100%
2005YangonNaypyidaw
100%
1983AbidjanYamoussoukro
80%
1998Akmola
(Nur-Sultan)
Almaty
80%
1990BonnGermany
80%
1982ColomboSri Kotte
80%
1991LagosAbuja
80%
1975Saigon
(Ho Chi Minh City)
Vietnam
80%
1990AdenYemen
60%
2018BujumburaGitega
60%
1990East BerlinGermany
60%
2006KororNgerulmud
40%
1976Quezon CityManila
40%
1989KoloniaPalikir
20%
1975ZombaLilongwe
20%

Score Distribution

Percentile by Number Answered

Percent of People with Each Score

Your Score History

You have not taken this quiz since the last reset